000
00347nam a2200133Ia 4500
005
20251013221656.0
008
251010s9999 xx 000 0 und d
041
_a
mar
100
_a
कानेटकर व.
_9
214532
245
_a
निवडक कविता गिरीश
250
_a
1ST
260
_b
Indrayani
_c
1993
300
_a
141
999
_c
368824
_d
368824